Parroquia de Ntra. Sra. de Fátima: estudio sociológico y planificación social
Furkejuvvon:
| Váldodahkki: | |
|---|---|
| Materiálatiipa: | Girji |
| Giella: | espánnjágiella |
| Almmustuhtton: |
Granollers
Parroquia de Nuestra Señora de Fátima
1965
|
| Fáttát: | |
| Fáddágilkorat: |
Lasit fáddágilkoriid
Eai fáddágilkorat, Lasit vuosttaš fáddágilkora!
|
MARC
| LEADER | 00000nam a2200000 a 4500 | ||
|---|---|---|---|
| 001 | UCL4136 | ||
| 003 | CL-VaPUC | ||
| 008 | 031231e19650000SP |||||||||||||||||spa|d | ||
| 082 | 0 | 4 | |a 304.6 |b BOR |2 21 |
| 100 | 0 | |a Bordes Roca, Pedro |e author |9 481678 | |
| 245 | 1 | 0 | |a Parroquia de Ntra. Sra. de Fátima: estudio sociológico y planificación social |
| 300 | |a 139 p | ||
| 942 | |c BK | ||
| 945 | |d 20031231 00:00:00 |a rbrito | ||
| 260 | |a Granollers |b Parroquia de Nuestra Señora de Fátima |c 1965 | ||
| 650 | 7 | |a PLANIFICACION SOCIAL |2 CL-VaPUC |9 348452 | |
| 650 | 0 | |a Demografía |9 260008 | |
| 650 | 0 | |a Población |9 257577 | |
| 650 | 7 | |a INVESTIGACION DEMOGRAFICA |2 CL-VaPUC |9 336843 | |
| 650 | 7 | |a ESTRUCTURAS DEMOGRAFICAS |2 CL-VaPUC |9 481679 | |
| 651 | 7 | |a FATIMA |2 CL-VaPUC |9 481680 | |
| 651 | 7 | |a PORTUGAL |2 CL-VaPUC |9 255007 | |
| 583 | |a last modification |c 20031231 00:00:00 |k Rodrigo Vera | ||
| 999 | |c 307079 |d 307077 | ||
| 952 | |0 0 |1 0 |4 0 |6 304_600000000000000_BOR_1965 |7 0 |8 A |9 372564 |a BIBTEO |b BIBTEO |d 2019-11-21 |i 2086700 |o 304.6 BOR 1965 |p 2086700 |r 2025-01-17 |w 2019-11-21 |y BK |k ICR | ||